00360nam a2200121 a 4500008004100000050001500041100001700056245006100073260004000134350000900174650003900183700001600222120416s1973 ||||||||||||||||| || u aQD 415 Pro aKalser, E. T10aProgress in bioorganic chemistrycedited by E. T. Kalser aNew YorkbJohn Wiley and Sonsc1973 a0.00 0aCHEMISTRY--HANDBOOKS, MANUALS, ETC aKezdy, F. J